Los confines de la modernidad: diez años despúes de Heidegger
Saved in:
| Main Authors: | , , , |
|---|---|
| Andre forfattere: | |
| Format: | Bog |
| Sprog: | spansk |
| Udgivet: |
Barcelona
Juan Granica
1988
|
| Serier: | Colección Plural Filosofía
|
| Fag: | |
| Tags: |
Tilføj Tag
Ingen Tags, Vær først til at tagge denne postø!
|
MARC
| LEADER | 00000nam a2200000 a 4500 | ||
|---|---|---|---|
| 001 | UCV7686 | ||
| 003 | CL-VaPUC | ||
| 008 | 890531e19880000SP |||||||||||||||||spa|d | ||
| 082 | 0 | 4 | |a 190 |b DUQ |2 21 |
| 100 | 0 | |a Duque, Félix |e author |9 245661 | |
| 700 | 0 | |a Hagemann, Friedrich |e author |9 301823 | |
| 700 | |a Jarauta Marión, Francisco |e author |9 616840 | ||
| 700 | |a Navarro Cordón, Juan Manuel |e autor |9 429278 | ||
| 700 | 0 | |a Vitiello, Vincenzo |e author |9 301826 | |
| 245 | 1 | 4 | |a Los confines de la modernidad: diez años despúes de Heidegger |
| 300 | |a 237 p | ||
| 942 | |c BK | ||
| 945 | |d 19890531 00:00:00 | ||
| 260 | |a Barcelona |b Juan Granica |c 1988 | ||
| 650 | 0 | |a Modernidad |9 265371 | |
| 650 | 0 | |a Filosofía contemporánea |9 265372 | |
| 650 | 0 | |a Fenomenología |9 256519 | |
| 650 | 0 | |a Ciencia y tecnología |9 260585 | |
| 583 | |a last modification |c 20180328 10:16:14 |k Rodrigo Vera | ||
| 490 | 0 | |a Colección Plural Filosofía | |
| 999 | |c 213328 |d 213326 | ||
| 952 | |0 0 |1 0 |4 0 |6 190_000000000000000_DUQ_1988 |7 0 |8 A |9 195615 |a BIBARQ |b BIBARQ |d 2019-11-14 |i 2636344 |l 1 |o 190 DUQ 1988 |p 2636344 |r 2025-01-20 |s 2022-09-02 |w 2019-11-14 |y BK |k ARQ | ||